logo

Bir Sreshtho Munshi Abdur Rouf Library
Jhenaidah Cadet College

A book of plays / (Record no. 8339)

MARC details
000 -LEADER
fixed length control field 00810nam a2200301 a 4500
001 - CONTROL NUMBER
JCCL Control Number 8339
003 - CONTROL NUMBER IDENTIFIER
JCCL marc code BD-JhCC
005 - DATE AND TIME OF LATEST TRANSACTION
control field 20180402100612.0
008 - FIXED-LENGTH DATA ELEMENTS--GENERAL INFORMATION
fixed length control field 771201s1965 nyu 000 0 eng
035 ## - SYSTEM CONTROL NUMBER
system control number (BD-JhCC)8339
035 ## - SYSTEM CONTROL NUMBER
system control number (OCoLC)3458770
040 ## - CATALOGING SOURCE
Original cataloging agency BD-JhCC
Transcribing agency NcRS
Modifying agency BD-JhCC
041 ## - LANGUAGE CODE
Language code of Book eng
050 00 - LIBRARY OF CONGRESS CALL NUMBER
Classification number PS625
Item number .D3 1965
082 ## - DEWEY DECIMAL CLASSIFICATION NUMBER
Classification number 808.2
Author mark and Year DAV 1965
100 1# - MAIN ENTRY--PERSONAL NAME
Personal name David, Agnes,
245 12 - TITLE STATEMENT
Title A book of plays /
Statement of responsibility, etc [edited by] M. Agnes David.
250 ## - EDITION STATEMENT
Edition statement Rev. ed.
260 ## - PUBLICATION, DISTRIBUTION, ETC. (IMPRINT)
Place of publication, distribution, etc New York,
Name of publisher, distributor, etc Macmillan
Date of publication, distribution, etc [1965]
300 ## - PHYSICAL DESCRIPTION
Pagination x, 245 p.
Dimensions 21 cm.
490 1# - SERIES STATEMENT
Series statement The Pageant of literature
650 #0 - SUBJECT ADDED ENTRY--TOPICAL TERM
Topical term or geographic name as entry element American drama.
650 #0 - SUBJECT ADDED ENTRY--TOPICAL TERM
Topical term or geographic name as entry element English drama.
650 #0 - SUBJECT ADDED ENTRY--TOPICAL TERM
Topical term or geographic name as entry element English language
General subdivision Rhetoric
Location of event Problems, exercises, etc.
830 #0 - SERIES ADDED ENTRY--UNIFORM TITLE
Uniform title Living literature.
942 ## - ADDED ENTRY ELEMENTS (KOHA)
Source of classification or shelving scheme Dewey Decimal Classification
Koha item type Books
Holdings
Source of classification or shelving scheme Damaged status Not for loan Home library Current library Shelving location Date of accession Total Checkouts Full call number Barcode Date last seen Copy number Koha item type
Dewey Decimal Classification     JCC Rouf Library JCC Rouf Library General Stacks 02/22/2018   808.2 Dav 1965 8924 02/22/2018 C-1 Books
Dewey Decimal Classification     JCC Rouf Library JCC Rouf Library General Stacks 03/08/2018   808.2 DAV 1965 12107 03/08/2018 C-2 Books
Dewey Decimal Classification     JCC Rouf Library JCC Rouf Library General Stacks 04/02/2018   808.2 DAV 1965 9121 04/02/2018 C-3 Books

JCC Library | Contacts | JCC Home

Last Update on 23 September 2017
Copyright @ 2017-2020 JCC Rouf Library
Rouf Library, Jhenidah Cadet College (JCC), Bangladesh